| 000 | 00497nam a22001817a 4500 | ||
|---|---|---|---|
| 003 | CEME | ||
| 005 | 20210628202759.0 | ||
| 008 | 210118b xxu||||| |||| 00| 0 eng d | ||
| 020 | _a81-8052-114-1 | ||
| 040 | _c. | ||
| 082 | _a510.2462 PAR | ||
| 100 |
_aParthasarathy, Harish _98829 |
||
| 245 | _aEngineering mathematics, a project and problem based approach | ||
| 260 |
_aNEW DELHI _bANE BOOKS INDIA _c2006 |
||
| 300 | _a985 P | ||
| 650 |
_aENGINEERING MATHEMATICS. _92310 |
||
| 942 |
_cBK _2ddc |
||
| 999 |
_c570990 _d570990 |
||